000 00570nam a22002177a 4500
003 UA-OsUOA
001 36878
007 ta
008 20060216b un ||||| |||| 00| 0 ukr d
100 _aОсадчий В.
090 _a821
_bО-11
942 _cSA
040 _aUA-OsUOA
_bukr
_cUA-OsUOA
_dUA-OsUOA
245 _aІз книжки "Казання на Йордань"/Поезія
300 _aС.2-9
955 _a0
041 _aukr
080 _a821
773 0 _w36876
650 7 _a82 Література. Літературознавство
_2UDC
999 _c323112
_d323112